<?xml version="1.0" encoding="UTF-8"?>
<record
    xmlns:xsi="http://www.w3.org/2001/XMLSchema-instance"
    xsi:schemaLocation="http://www.loc.gov/MARC21/slim http://www.loc.gov/standards/marcxml/schema/MARC21slim.xsd"
    xmlns="http://www.loc.gov/MARC21/slim">

  <leader>01118nam a2200277 a 4500</leader>
  <controlfield tag="001">BRL_520</controlfield>
  <controlfield tag="005">20190320210800.0</controlfield>
  <controlfield tag="008">270813s1946----sp-ag#####---#000-0#spa-#</controlfield>
  <datafield tag="041" ind1=" " ind2=" ">
    <subfield code="a">spa</subfield>
  </datafield>
  <datafield tag="044" ind1=" " ind2=" ">
    <subfield code="a">spa</subfield>
  </datafield>
  <datafield tag="050" ind1=" " ind2="4">
    <subfield code="a">ML3921</subfield>
    <subfield code="b">.S3 1946</subfield>
  </datafield>
  <datafield tag="100" ind1="1" ind2=" ">
    <subfield code="a">Schneider, Marius</subfield>
    <subfield code="9">24176</subfield>
  </datafield>
  <datafield tag="245" ind1="1" ind2="0">
    <subfield code="a">El origen musical de los animales-simbolos en la mitolog&#xED;a y la escultura antiguas</subfield>
    <subfield code="b">ensayo hist&#xF3;rico-etnogr&#xE1;fico sobre la subestructura totem&#xED;stica y megal&#xED;tica de las atlas culturas y su supervivencia en el folklore espa&#xF1;ol</subfield>
    <subfield code="c">Marius Schneider.</subfield>
  </datafield>
  <datafield tag="260" ind1=" " ind2=" ">
    <subfield code="a">Barcelona</subfield>
    <subfield code="b">Consejo Superior de Investigaciones Cient&#xED;ficas</subfield>
    <subfield code="c">1946</subfield>
  </datafield>
  <datafield tag="300" ind1=" " ind2=" ">
    <subfield code="a">vii, 472 p. (p. 440-454 m&#xE1;sica)</subfield>
    <subfield code="b">il., diagramas</subfield>
    <subfield code="c">24 cm.</subfield>
    <subfield code="e">12 laminas</subfield>
  </datafield>
  <datafield tag="440" ind1=" " ind2="0">
    <subfield code="a">Consejo Superior de Investigaciones Cient&#xED;ficas. Instituto Espan&#xF1;ol de Musicolog&#xED;a</subfield>
    <subfield code="p">Monograf&#xED;as</subfield>
    <subfield code="v">1</subfield>
    <subfield code="9">24177</subfield>
  </datafield>
  <datafield tag="500" ind1=" " ind2=" ">
    <subfield code="a">Au586</subfield>
  </datafield>
  <datafield tag="500" ind1=" " ind2=" ">
    <subfield code="a">Tiene desprendido el lomo.</subfield>
  </datafield>
  <datafield tag="500" ind1=" " ind2=" ">
    <subfield code="a">Incluye &#xED;ndice alfab&#xE9;tico.</subfield>
  </datafield>
  <datafield tag="650" ind1="1" ind2="4">
    <subfield code="a">Teor&#xED;a</subfield>
    <subfield code="x">M&#xFA;sica</subfield>
    <subfield code="9">24178</subfield>
  </datafield>
  <datafield tag="650" ind1="1" ind2="4">
    <subfield code="a">Mitolog&#xED;a</subfield>
    <subfield code="9">9838</subfield>
  </datafield>
  <datafield tag="650" ind1="1" ind2="4">
    <subfield code="a">Totemismo</subfield>
    <subfield code="9">24179</subfield>
  </datafield>
  <datafield tag="650" ind1="1" ind2="4">
    <subfield code="a">Folclor</subfield>
    <subfield code="9">24180</subfield>
  </datafield>
  <datafield tag="902" ind1=" " ind2=" ">
    <subfield code="a">GRL</subfield>
  </datafield>
  <datafield tag="942" ind1=" " ind2=" ">
    <subfield code="2">lcc</subfield>
    <subfield code="c">B</subfield>
  </datafield>
  <datafield tag="999" ind1=" " ind2=" ">
    <subfield code="c">9332</subfield>
    <subfield code="d">9332</subfield>
  </datafield>
  <datafield tag="952" ind1=" " ind2=" ">
    <subfield code="0">0</subfield>
    <subfield code="1">0</subfield>
    <subfield code="4">0</subfield>
    <subfield code="7">0</subfield>
    <subfield code="a">BRL</subfield>
    <subfield code="b">BRL</subfield>
    <subfield code="d">2013-08-27</subfield>
    <subfield code="i">Au586</subfield>
    <subfield code="l">0</subfield>
    <subfield code="o">ML3921 .S3 1946 (Au586)</subfield>
    <subfield code="p">GRL00574</subfield>
    <subfield code="r">2019-03-22 00:00:00</subfield>
    <subfield code="w">2019-03-22</subfield>
    <subfield code="y">B</subfield>
  </datafield>
</record>
